Environment & Disaster Management: (Record no. 185547)

MARC details
000 -LEADER
fixed length control field 00759nam a22002057a 4500
005 - DATE AND TIME OF LATEST TRANSACTION
control field 20220204102402.0
010 ## - LCCN (DPL NO)
LC control number ENG-131391
020 ## - INTERNATIONAL STANDARD BOOK NUMBER
International Standard Book Number 9789354601040
Terms of availability 395.00
035 ## - SYSTEM CONTROL NUMBER
System control number EN-114923
037 ## - SOURCE OF ACQUISITION
Source of stock number/acquisition DBAD
082 ## - DEWEY DECIMAL CLASSIFICATION NUMBER
Classification number 363.34525
100 ## - MAIN ENTRY--PERSONAL NAME
Personal name Khullar, D R
245 ## - TITLE STATEMENT
Title Environment & Disaster Management:
Remainder of title For Civil Services Prelims & Main And Other Competitive Examinations/
Statement of responsibility, etc D R Khullar, J A C S Rao
250 ## - EDITION STATEMENT
Edition statement 3rd Edition
260 ## - PUBLICATION, DISTRIBUTION, ETC. (IMPRINT)
Place of publication, distribution, etc Uttar Pradesh
Name of publisher, distributor, etc Pearson India Education Services
Date of publication, distribution, etc 2021
270 ## - ADDRESS
Address 15th Flooor, Tower-B, World Trade Tower, Plot No. 1, Block-C, Sector-16
City Noida
Postal code 201301
Electronic mail address companysecretary.india@pearson.com
300 ## - PHYSICAL DESCRIPTION
Extent vp.
Dimensions 24cm(pbk)
700 ## - ADDED ENTRY--PERSONAL NAME
Personal name Rao, J A C S
942 ## - ADDED ENTRY ELEMENTS (KOHA)
Source of classification or shelving scheme Dewey Decimal Classification
Item type English Books
Classification part 363.34525
Call number suffix RAO

No items available.


© Delhi Public Library
Hit Counter
free hit counter